000 00354nam a2200157Ia 4500
008 230711s9999||||xx |||||||||||||| ||und||
041 _aENG
082 _a720
_bAN-H
100 _aAN HBM Pub
245 0 _aHome and living asia
250 _a1st
260 _c1994
_aNew Jersy
_bEdizioni Britain
300 _a128
650 _aArchitecture
942 _cBK
999 _c2831
_d2831